|
|
|
|
| LEADER |
00846nam a2200229 a 4500 |
| 001 |
12354961 |
| 008 |
100530s2002 maua 001 0 eng d |
| 010 |
|
|
|a \\2001030794
|
| 020 |
|
|
|a 0072436611 (alk. paper)
|
| 040 |
|
|
|a DLC
|c DLC
|d DLC
|d BD-DhAAL
|
| 082 |
0 |
0 |
|a 658.3/124
|2 21
|
| 100 |
1 |
|
|a Noe, Raymond A.
|
| 245 |
1 |
0 |
|a Employee training and development /
|c Raymond A. Noe.
|
| 250 |
|
|
|a 2nd ed.
|
| 260 |
|
|
|a Boston :
|b McGraw-Hill/Irwin ;
|c c2002.
|
| 300 |
|
|
|a xix, 483 p. :
|b ill. ;
|c 23 cm.
|
| 504 |
|
|
|a Includes bibliographical references and indexes.
|
| 650 |
|
0 |
|a Employees
|x Training of.
|
| 541 |
1 |
|
|e 00014827
|
| 852 |
4 |
|
|a Ayesha Abed Library
|j General Shelf
|
| 999 |
|
|
|c 8744
|d 8744
|
| 952 |
|
|
|0 0
|1 0
|2 ddc
|4 0
|6 658_312400000000000_NOE_2002
|7 0
|9 10564
|a BRACUL
|b BRACUL
|c GEN
|d 2010-05-30
|l 1
|o 658.3124 NOE
|p 3010014827
|r 2025-03-22
|s 2025-03-11
|t 1
|w 2010-05-30
|y BK
|